00383 a2200145 4500003000400000005001700004008004100021040000600062100001600068245009300084260002000177300000800197600001600205700001600221OSt20180116182855.0160509b xxu||||| |||| 00| 0 eng d c0 aP. Banerjee aBusiness Information Technolgoy Mangement: Closing the International DividecP. Banerjee aNew Delhic1998 a781 aP. Banerjee aP. Banerjee